Loading...

The greatness guide : one of the world's top success coaches shares his secrets for personal and business mastery /

Bibliografiske detaljer
Hovedforfatter: Sharma,Robin
Format: Printed Book
Sprog:English
Udgivet: Ahmedabad: Jaico, 2012.
Fag:
LEADER 00670 a2200169 4500
008 141119b xxu||||| |||| 00| 0 eng d
020 |a 9788179928158 
082 |a 158.1 
100 |a Sharma,Robin. 
245 |a The greatness guide :  |b  one of the world's top success coaches shares his secrets for personal and business mastery /  |c Robin Sharma. 
260 |c 2012.  |b Jaico,  |a Ahmedabad: 
300 |a 221 p.:  |c 22 cm. 
650 |a Self-actualization (Psychology). 
650 |a Success. 
942 |2 ddc  |c BK 
999 |c 102926  |d 102926 
952 |0 0  |1 0  |4 0  |6 158_100000000000000_SHA_G  |7 0  |9 104200  |a UL  |b UL  |c ST1  |d 2014-01-06  |e 2  |g 230.10  |l 6  |o 158.1 SHA/G  |p 91219  |r 2020-01-24  |s 2020-01-15  |v 295.00  |y BK